Alerta 2003! : informe sobre conflictos, derechos humanos y construcción de paz /
I tiakina i:
| Kaituhi rangatōpū: | |
|---|---|
| Ētahi atu kaituhi: | |
| Hōputu: | Pukapuka |
| Reo: | Pāniora |
| I whakaputaina: |
Barcelona, España :
Icaria, Universidad Autónoma de Barcelona, Escola de Cultura de Pau,
2003, c2003
|
| Ngā marau: | |
| Ngā Tūtohu: |
Kāore He Tūtohu, Me noho koe te mea tuatahi ki te tūtohu i tēnei pūkete!
|
MARC
| LEADER | 00000nam^a2200000^a^4500 | ||
|---|---|---|---|
| 001 | 000153215 | ||
| 005 | 20250521000000.0 | ||
| 009 | 20260310100312.412 | ||
| 020 | |a 84-7426-626-2 | ||
| 037 | |a Acervo ITESO - Biblioteca | ||
| 041 | |a ESP | ||
| 082 | |a 327. 1 |b ALE 2003 | ||
| 240 | 1 | 1 | |a [Alerta] |
| 245 | 0 | 0 | |a Alerta 2003! : |b informe sobre conflictos, derechos humanos y construcción de paz / |c V. Fisas... [et al.]. |
| 264 | 4 | |a Barcelona, España : |b Icaria, |b Universidad Autónoma de Barcelona, Escola de Cultura de Pau, |c 2003, c2003 | |
| 300 | |a 125 p. | ||
| 336 | |a texto |b txt |2 rdacontenido | ||
| 337 | |a sin mediación |b n |2 rdamedio | ||
| 338 | |a volumen |b nc |2 rdasoporte | ||
| 649 | |a XX | ||
| 650 | |a Conflicto Social | ||
| 650 | |a Problemas Sociales | ||
| 650 | |a Desarrollo Económico-Social | ||
| 650 | |a Desarrollo Económico-Social | ||
| 650 | |a Finanzas Internacionales | ||
| 650 | |a Armamentismo | ||
| 650 | |a Guerra y Paz | ||
| 650 | |a Gobernabilidad | ||
| 650 | |a Violencia Política | ||
| 650 | |a Derecho Internacional | ||
| 650 | |a Seguridad Internacional | ||
| 650 | |a Relaciones Internacionales | ||
| 650 | |a Política Exterior | ||
| 650 | |a Política Internacional - |x Publicaciones Periódicas Españolas | ||
| 650 | |a Política Internacional - |x Anuarios | ||
| 650 | |a Política Internacional - |x Historia - |y 2000-2009 | ||
| 650 | |a Política Internacional | ||
| 650 | |a Publicaciones Periódicas Españolas | ||
| 710 | |a Universidad Autónoma de Barcelona. |b Escola de Cultura de Pau, Unidad de Alerta | ||
| 700 | |a Fisas, Vicenç |e (autor) | ||
| 910 | |a Fondo General | ||
| 920 | |a Impresos - Libros | ||
| 930 | |a Colección General | ||
| 905 | |a 101 | ||
| 901 | |a 0500081880 |b IT1 |c ACC |u 20250521 | ||
| 902 | |a https://opac.biblio.iteso.mx/vufind/Record/000153215 | ||